[Event "Memorial D.Noteboom (open)"]
[Site "masterchessopen.com - Leiden (Netherlands)"]
[Date "2010.02.13"]
[Round "3"]
[White "Wiley Tom E (ENG)"]
[Black "Secelle Hans (BEL)"]
[Result "1-0"]
[WhiteElo "2298"]
[BlackElo "2065"]

1.d4 f5 2.g3 Nf6 3.Bg2 g6 4.Nf3 Bg7 5.O-O O-O 6.c4 d6 7.Nc3 c6 8.Rb1 a5 9.a3
Bd7 10.b4 axb4 11.axb4 Qc7 12.Qb3 Kh8 13.Bb2 e5 14.c5 exd4 15.cxd6 Qxd6
16.Rfd1 Be6 17.Qc2 Qxb4 18.Nxd4 Bf7 19.Ba1 Qe7 20.e3 Ne4 21.Nxe4 fxe4 22.Qxe4
Qxe4 23.Bxe4 Ba2 {#r} 1-0

[Event "Liga Mazowiecka 2009/10"]
[Site "masterchessopen.com - Poland"]
[Date "2010.05.09"]
[Round "11"]
[White "Prazmowski Bartosz (POL)"]
[Black "Jaskowski Piotr (POL)"]
[Result "1-0"]
[WhiteElo "1870"]
[BlackElo "1797"]

1.d4 f5 2.c4 Nf6 3.Nc3 g6 4.Nf3 Bg7 5.g3 O-O 6.Bg2 c6 7.O-O d6 8.h4 Qe8 9.d5
Na6 10.Nd4 cxd5 11.cxd5 Nc7 12.Qd3 a6 13.a4 Nd7 14.Be3 Nc5 15.Qc2 f4 16.gxf4
Bxd4 17.Bxd4 Rxf4 18.e3 Rxh4 19.b4 Nd7 20.Ne2 Qd8 21.Nf4 g5 22.Ng6 Rxd4
23.exd4 hxg6 24.Qxg6+ Kh8 25.Qh6+ Kg8 26.Qxg5+ Kh8 27.Ra3 Nf6 28.Qh6+ Nh7
29.Be4 Qg8+ 30.Rg3 Qf7 {#r} 1-0

[Event "Ch Bulgaria (team) (w)"]
[Site "masterchessopen.com - Albena (Bulgaria)"]
[Date "2010.05.30"]
[Round "4"]
[White "Parvanova Desislava (BUL)"]
[Black "Cmilyte Viktorija (LTU)"]
[Result "0-1"]
[WhiteElo "1995"]
[BlackElo "2513"]

1.d4 f5 2.c4 Nf6 3.Nc3 d6 4.g3 g6 5.Bg2 Bg7 6.Nf3 O-O 7.O-O c6 8.Qc2 Na6 9.a3
Qe8 10.Re1 e5 11.dxe5 dxe5 12.e4 Nc5 13.Nd2 f4 14.b4 Ne6 15.c5 Nd4 16.Qd1 {#R}
0-1

[Event "Ch Bayern (seniors) (open)"]
[Site "masterchessopen.com - Bergen (Germany)"]
[Date "2010.06.17"]
[Round "6"]
[White "Bungter Hans (GER)"]
[Black "Gerdes Hans"]
[Result "1-0"]
[WhiteElo "1876"]
[BlackElo "1675"]

1.Nf3 f5 2.d4 Nf6 3.g3 g6 4.Bg2 Bg7 5.c4 d6 6.O-O O-O 7.Nc3 c6 8.Bf4 e6 9.Qd2
Ne4 10.Qe3 d5 11.b3 Nd7 12.Rac1 c5 13.Bh6 cxd4 14.Nxd4 e5 15.Bxg7 Kxg7 16.Ne6+
Kf6 17.Nxd8 d4 18.Nd5+ Kg7 19.Ne6+ Kf7 20.Nxd4 exd4 21.Qxd4 Ndf6 22.f3 Nxd5
23.fxe4 Ne7 24.Rcd1 Be6 25.g4 Nc6 26.Qc3 Kg8 27.exf5 gxf5 28.gxf5 Bxf5 29.Bd5+
{#r} 1-0

[Event "Tournament (open)"]
[Site "masterchessopen.com - Sterlitamak (Russia)"]
[Date "2010.06.30"]
[Round "7"]
[White "Tanygin Valerij (RUS)"]
[Black "Taztdinov Robert (RUS)"]
[Result "0-1"]
[WhiteElo "2151"]
[BlackElo "2204"]

1.d4 f5 2.c4 Nf6 3.g3 g6 4.Bg2 Bg7 5.Nc3 O-O 6.Nf3 d6 7.O-O c6 8.Rb1 Ne4 9.Qc2
Nxc3 10.bxc3 e5 11.Rd1 e4 12.Ng5 d5 13.f3 h6 14.Nh3 g5 15.Nf2 Kh8 16.cxd5 cxd5
17.c4 Nc6 18.e3 exf3 19.Bxf3 dxc4 20.Qxc4 f4 21.gxf4 gxf4 22.e4 Nxd4 23.Kh1
Qh4 24.Rxd4 Qxf2 25.Bb2 Qxf3+ 26.Kg1 Bh3 {#R} 0-1

[Event "It \"]
[Site "masterchessopen.com - Treforest (Wales)"]
[Date "2010.07.11"]
[Round "3"]
[White "Wells Peter K (ENG)"]
[Black "Fathallah Joe (WLS)"]
[Result "1-0"]
[WhiteElo "2487"]
[BlackElo "1906"]

1.Nf3 f5 2.g3 Nf6 3.Bg2 g6 4.O-O Bg7 5.c4 O-O 6.Nc3 d6 7.d4 c6 8.d5 e5 9.dxe6
Bxe6 10.Qd3 Na6 11.Bf4 d5 12.Ng5 Re8 13.Rad1 Qa5 14.Nxe6 Rxe6 15.cxd5 Rd8
16.dxe6 Rxd3 17.Rxd3 Nc5 18.b4 Qxb4 19.Rd8+ Bf8 20.e7 Ne6 21.Bd6 Qxc3 22.Rxf8+
{#r} 1-0

[Event "It (open)"]
[Site "masterchessopen.com - Paleochora (Greece)"]
[Date "2010.07.23"]
[Round "2"]
[White "Vinzoni Andrea (ITA)"]
[Black "Zubarev Alexander (UKR)"]
[Result "0-1"]
[WhiteElo "2100"]
[BlackElo "2586"]

1.d4 f5 2.g3 Nf6 3.Bg2 g6 4.Nf3 Bg7 5.O-O O-O 6.c4 d6 7.Nc3 c6 8.d5 Qe8 9.Qc2
Na6 10.a3 Bd7 11.b4 cxd5 {#R} 0-1

[Event "It (open)"]
[Site "masterchessopen.com - Szombathely (Hungary)"]
[Date "2010.07.28"]
[Round "1"]
[White "Flumbort Andras (HUN)"]
[Black "Tomasic Roland (CRO)"]
[Result "1-0"]
[WhiteElo "2550"]
[BlackElo "2158"]

1.d4 f5 2.c4 Nf6 3.g3 d6 4.Nf3 g6 5.Bg2 Bg7 6.O-O O-O 7.Nc3 c6 8.Rb1 Ne4 9.Qc2
Nxc3 10.Qxc3 Qc7 11.c5 Nd7 12.b4 e5 13.cxd6 Qxd6 14.Qb3+ Kh8 15.Ng5 exd4
16.Nf7+ Rxf7 17.Qxf7 a5 18.b5 c5 19.Bf4 Qf8 20.Qxf8+ Bxf8 21.e3 dxe3 22.Bxe3
Ne5 23.Rfd1 Kg7 24.Rbc1 Be6 25.Bxb7 Rb8 26.Bd5 Bxd5 27.Rxd5 Kf6 28.Rxe5 {#r}
1-0

[Event "Tournament (Elo) (a)"]
[Site "masterchessopen.com - Barcelona (Spain)"]
[Round "8"]
[White "Garcia Riera Josep (ESP)"]
[Black "Montalban Colell Bernat (ESP)"]
[Result "1-0"]
[WhiteElo "1953"]
[BlackElo "1852"]

1.d4 f5 2.g3 Nf6 3.Nf3 d6 4.Bg2 g6 5.O-O Bg7 6.c4 O-O 7.Nc3 c6 8.d5 Qe8 9.Nd4
e5 10.dxc6 bxc6 11.Ndb5 Qd8 12.Qxd6 Qxd6 13.Nxd6 Bd7 14.e4 Na6 15.Be3 Ng4
16.Bg5 Rfb8 17.h3 Nf6 18.Rab1 Rf8 19.Rfd1 Nc5 20.Be3 Na6 21.Rd2 Nc7 22.Rbd1 a6
23.Na4 fxe4 24.Nxe4 {#r} 1-0

[Event "It (open)"]
[Site "masterchessopen.com - Liberec (Czech Republic)"]
[Round "8"]
[White "Jina Lubos (CZE)"]
[Black "Papay Jindrich (CZE)"]
[Result "1-0"]
[WhiteElo "1891"]
[BlackElo "2021"]

1.d4 f5 2.c4 Nf6 3.Nc3 g6 4.g3 Bg7 5.Nf3 d6 6.Bg2 c6 7.O-O O-O 8.Re1 Na6 9.a3
Be6 10.Qd3 Nh5 11.Ng5 Bd7 12.f4 e5 13.fxe5 dxe5 14.dxe5 Bxe5 15.Bd5+ Kg7
16.Be6 Nc5 17.Qe3 Qf6 18.Nf3 Bxe6 19.Nxe5 Nb3 20.Rb1 Nxc1 21.Rbxc1 Rae8 22.Qc5
b6 23.Qd6 Qg5 24.Nxc6 f4 25.Ne5 Qf5 26.Qd4 {#r} 1-0

[Event "It (open)"]
[Site "masterchessopen.com - Davos (Switzerland)"]
[Date "2010.08.11"]
[Round "4"]
[White "Helmers Wim G (NED)"]
[Black "Lematschko Tatjana (SUI)"]
[Result "0-1"]
[WhiteElo "2118"]
[BlackElo "2194"]

1.d4 f5 2.Nf3 Nf6 3.g3 d6 4.Bg2 c6 5.c4 g6 6.Nc3 Bg7 7.O-O O-O 8.Qd3 Kh8 9.e4
fxe4 10.Nxe4 Bf5 11.Nh4 d5 12.cxd5 Bxe4 13.Bxe4 Nxe4 14.Qxe4 cxd5 15.Qe2 Bxd4
16.Bh6 Bg7 17.Bxg7+ Kxg7 18.Rad1 Qd6 19.Qb5 Rd8 20.Ng2 Qd7 21.Qxd7 Rxd7 22.Nf4
Nc6 23.Nxd5 Rad8 24.Ne3 Rd2 25.Rxd2 Rxd2 26.Rb1 Kf7 27.Nc4 Rd4 28.Rc1 Kf6
29.a3 g5 30.Kg2 h5 31.h3 a5 32.Kf3 Rxc4 {#R} 0-1

[Event "It (open) \"]
[Site "masterchessopen.com - Tatranske Zruby (Slovakia)"]
[Date "2010.10.08"]
[Round "8"]
[White "Koci Ladislav (CZE)"]
[Black "Ruckschloss Karol (SVK)"]
[Result "0-1"]
[WhiteElo "2003"]
[BlackElo "2293"]

1.d4 f5 2.c4 g6 3.g3 Bg7 4.Bg2 Nf6 5.Nc3 c6 6.Nf3 O-O 7.O-O d6 8.b3 e5 9.dxe5
dxe5 10.Ba3 Qxd1 11.Raxd1 Re8 12.e3 Nbd7 13.Ne2 e4 14.Nfd4 Ne5 15.Nc1 a5
16.Bd6 a4 17.b4 Nxc4 18.Nc2 Nd5 19.Bc5 Nc3 20.Rde1 Nd2 {#R} 0-1

[Event "Bundesliga B East 2010/11"]
[Site "masterchessopen.com - Austria"]
[Date "2010.10.30"]
[Round "3"]
[White "Reinwald Patrick (AUT)"]
[Black "Riedner Martin (AUT)"]
[Result "0-1"]
[WhiteElo "2093"]
[BlackElo "2146"]

1.d4 f5 2.Nf3 Nf6 3.g3 d6 4.Bg2 c6 5.c4 g6 6.Nc3 Bg7 7.O-O O-O 8.b3 Na6 9.Bb2
Ne4 10.Rc1 Bd7 11.Ne1 Ng5 12.Nf3 Nxf3+ 13.Bxf3 f4 14.Qd2 Bh3 15.Rfd1 Qd7 16.d5
c5 17.Ne4 Bxb2 18.Qxb2 Rf5 19.gxf4 Rxf4 20.Ng5 Rg4+ {#R} 0-1

[Event "It (open)"]
[Site "masterchessopen.com - Cartago (Colombia)"]
[Round "3"]
[White "Tabares Delgado Andres (COL)"]
[Black "Jaramillo Carlos Orlando (COL)"]
[Result "1-0"]
[WhiteElo "1945"]
[BlackElo "1961"]

1.d4 d6 2.c4 f5 3.Nf3 Nf6 4.Nc3 g6 5.g3 Bg7 6.Bg2 c6 7.O-O O-O 8.d5 e5 9.dxe6
Bxe6 10.Qb3 b6 11.Ng5 Bf7 12.Rd1 Qe7 13.Nxf7 Rxf7 14.Bf4 Ne8 15.Qa4 Qc7 16.Nb5
cxb5 17.Qxb5 Nd7 18.Bxa8 Kf8 19.Rd2 Ne5 20.Bd5 Rd7 21.Rad1 h6 22.e4 Nf3+
23.Kg2 Nxd2 24.Rxd2 g5 25.Be6 Re7 26.Qxf5+ Bf6 27.Bxd6 Nxd6 28.Qxf6+ Nf7
29.Bxf7 Qb8 30.Qh8+ {#r} 1-0

[Event "Ch Europe (active)"]
[Site "masterchessopen.com - Warsaw (Poland)"]
[Date "2010.12.18"]
[Round "5"]
[White "Krainski Aleksander (POL)"]
[Black "Warakomski Tomasz (POL)"]
[Result "0-1"]
[WhiteElo "2257"]
[BlackElo "2468"]

1.d4 g6 2.Nf3 Bg7 3.g3 f5 4.Bg2 Nf6 5.O-O O-O 6.c4 d6 7.Nc3 c6 8.d5 e5 9.dxe6
Qe7 10.Qc2 Na6 11.a3 Bxe6 12.b3 d5 13.cxd5 cxd5 14.Bb2 Rac8 15.Qd3 Nc5 16.Qd1
Nxb3 17.Rb1 Na5 18.Nb5 a6 19.Bc3 Nc6 20.Nbd4 Ne4 21.Ba1 Bf7 22.Qd3 Na5 23.Rfc1
Nc4 24.Rb3 b5 25.Bc3 Nxa3 26.Ra1 Rxc3 27.Rxc3 Nxc3 28.Qxc3 b4 29.Qc6 {#R} 0-1

[Event "Oberliga East B 2010/11"]
[Site "masterchessopen.com - Germany"]
[Date "2011.01.16"]
[Round "5"]
[White "Knickel Aaron (GER)"]
[Black "Sehrt Juergen (GER)"]
[Result "0-1"]
[WhiteElo "2159"]
[BlackElo "2260"]

1.g3 f5 2.Bg2 Nf6 3.c4 g6 4.Nc3 Bg7 5.Nf3 O-O 6.O-O d6 7.d4 c6 8.Qc2 Na6 9.a3
Qe8 10.e4 fxe4 11.Nxe4 Bf5 12.Nxf6+ Bxf6 13.Qb3 Qd7 14.Bh6 Rfe8 15.Rfe1 Nc7
16.Rad1 Rab8 17.Rd2 Bg4 18.Ne5 dxe5 19.dxe5 Qe6 20.f3 Bh3 21.Bxh3 Qxh3 22.exf6
Qxh6 23.Rd7 exf6 24.Rxe8+ Nxe8 25.c5+ Kh8 26.Qf7 Qg7 27.Qe6 Qf8 28.Rf7 Qxc5+
29.Kg2 Qd6 30.Qh3 Qd2+ 31.Kf1 Qc1+ {#R} 0-1

[Event "Ch Slovakia (team) 2010/11 (1 liga) East"]
[Site "masterchessopen.com - Slovakia"]
[Date "2011.02.12"]
[Round "6"]
[White "Straka Josef Jr (SVK)"]
[Black "Vrana Frantisek (CZE)"]
[Result "1-0"]
[WhiteElo "2299"]
[BlackElo "2249"]

1.d4 f5 2.g3 Nf6 3.Bg2 g6 4.Nf3 Bg7 5.O-O O-O 6.c4 d6 7.Nc3 c6 8.d5 Qe8 9.Nd4
Bd7 10.Rb1 Na6 11.b3 Nc7 12.Bb2 c5 13.Nc2 b5 14.cxb5 Nxb5 15.Nxb5 Bxb5 16.b4
Rc8 17.bxc5 Rxc5 18.Nd4 Bd7 19.Nc6 a6 20.Qd3 e5 21.Qxa6 Nxd5 22.Na5 Nb4
23.Qxd6 Rxa5 24.Qxb4 Rb5 25.Qc3 Qe6 26.a4 Rb3 27.Qd2 Bc6 28.Bxc6 Qxc6 29.Rfc1
Qxa4 30.Qd5+ Rf7 31.Rc7 {#r} 1-0

[Event "It (open)"]
[Site "masterchessopen.com - Senta (Serbia)"]
[Date "2011.02.13"]
[Round "9"]
[White "Molnar Gabor (ROM)"]
[Black "Vilagos Emil (SRB)"]
[Result "1-0"]
[WhiteElo "2017"]
[BlackElo "1597"]

1.d4 f5 2.c4 g6 3.Nc3 Nf6 4.Nf3 Bg7 5.g3 O-O 6.Bg2 d6 7.O-O c6 8.Bf4 Nh5 9.Bd2
Qc7 10.Qc2 e5 11.dxe5 dxe5 12.e4 Na6 13.b3 Nc5 14.Be3 Nxe4 15.Nxe4 fxe4 16.Nd2
Nf6 17.Nxe4 Bf5 18.Nxf6+ Bxf6 19.Be4 Be6 20.Bh6 Rfe8 21.Bxg6 hxg6 22.Qxg6+ Kh8
23.Qxf6+ Kg8 24.Rfe1 {#r} 1-0

[Event "It (open)"]
[Site "masterchessopen.com - Natal (Brazil)"]
[Date "2011.03.06"]
[Round "4"]
[White "Asfora Marco (BRA)"]
[Black "Leitao Nicolau (BRA)"]
[Result "0-1"]
[WhiteElo "2219"]
[BlackElo "2147"]

1.d4 f5 2.c4 Nf6 3.g3 g6 4.Bg2 Bg7 5.Nc3 O-O 6.Nf3 d6 7.O-O c6 8.d5 c5 9.Re1
Nbd7 10.Qc2 Ne5 11.Nxe5 dxe5 12.e4 f4 13.a3 g5 14.b4 Qe8 15.Nb5 Qh5 16.Qd1 f3
17.Bxf3 Bg4 18.Re3 Bxf3 19.Qxf3 Ng4 20.Qh1 Nxf2 {#R} 0-1

[Event "Tournament (open)"]
[Site "masterchessopen.com - Kouty nad Desnou (Czech Republic)"]
[Date "2011.03.12"]
[Round "1"]
[White "Starek Stanislav"]
[Black "Lizner Milan (CZE)"]
[Result "0-1"]
[WhiteElo "1862"]
[BlackElo "2070"]

1.d4 f5 2.Nf3 Nf6 3.c4 d6 4.Nc3 g6 5.g3 Bg7 6.Bg2 c6 7.O-O O-O 8.Re1 Na6 9.b3
Bd7 10.Bb2 Qc7 11.a3 e5 12.dxe5 dxe5 13.Rc1 Rad8 14.Qc2 e4 15.Nd4 Ng4 16.e3
Nc5 17.Bf1 Ne5 {#R} 0-1

[Event "Ch Nicaragua"]
[Site "masterchessopen.com - Managua (Nicaragua)"]
[Date "2011.03.26"]
[Round "10"]
[White "Lacayo Rene (NCA)"]
[Black "Picado Jorge (NCA)"]
[Result "1-0"]
[WhiteElo "2264"]
[BlackElo "2211"]

1.d4 f5 2.Nf3 g6 3.g3 Bg7 4.Bg2 Nf6 5.O-O O-O 6.c4 d6 7.Nc3 c6 8.Re1 d5 9.cxd5
cxd5 10.Ne5 e6 11.b3 Nbd7 12.Nf3 b6 13.a4 a5 14.Nb5 Ba6 15.Ba3 Bxb5 16.Bxf8
Bxe2 17.Qxe2 Nxf8 18.Qb5 Ne4 19.Rac1 Rc8 20.Rc6 Rxc6 21.Qxc6 g5 22.Rc1 g4
23.Ne5 Bxe5 24.dxe5 Nc5 25.Qb5 Nfd7 26.Re1 Qc7 27.Qe2 Ne4 28.h3 h5 29.hxg4
hxg4 30.Bxe4 dxe4 31.Qb5 Qxe5 {#r} 1-0

[Event "Zt"]
[Site "masterchessopen.com - Gaborone (Botswana)"]
[Date "2011.04.08"]
[Round "8"]
[White "Domingos Ediberto (ANG)"]
[Black "Khetho Phemelo (BOT)"]
[Result "1-0"]
[WhiteElo "2197"]
[BlackElo "2209"]

1.d4 d6 2.Nf3 f5 3.g3 Nf6 4.Bg2 g6 5.O-O Bg7 6.c4 O-O 7.Nc3 c6 8.Qc2 Qe8 9.b3
Na6 10.Bb2 h6 11.Rad1 g5 12.e4 fxe4 13.Nxe4 Qh5 14.Nxf6+ Bxf6 15.Nd2 Bg4
16.Rc1 Nb4 17.Qb1 Be2 18.Be4 Bxf1 19.Nxf1 Bg7 20.a3 Na6 21.Re1 Qf7 22.Qc2 e5
23.dxe5 dxe5 24.Ne3 Rad8 25.Ng4 Qd7 26.Bh7+ Kh8 27.Nxe5 Qd2 28.Ng6+ {#r} 1-0

[Event "Ch Wales"]
[Site "masterchessopen.com - Cardiff (Wales)"]
[Date "2011.04.23"]
[Round "2"]
[White "Kelly Paul J (WLS)"]
[Black "Zeidler Sven P (WLS)"]
[Result "0-1"]
[WhiteElo "1942"]
[BlackElo "2274"]

1.d4 f5 2.c4 Nf6 3.Nc3 g6 4.g3 Bg7 5.Bg2 d6 6.Nf3 O-O 7.O-O c6 8.Qc2 Qc7 9.e4
fxe4 10.Nxe4 Bf5 11.Nxf6+ Bxf6 12.Qd2 Nd7 13.b3 a5 14.Bb2 a4 15.Rfe1 Qb6 16.b4
Bg4 17.h3 Bxf3 18.Bxf3 e5 19.Bg4 a3 20.Bc3 exd4 21.Bxd7 dxc3 22.Qxd6 Rad8
23.Re4 Rf7 24.c5 Rdxd7 25.Qxd7 Rxd7 26.cxb6 c2 27.Rc1 Rd1+ 28.Re1 Rxe1+
29.Rxe1 Bb2 {#R} 0-1

[Event "Ch England (team) 2010/11 (3 div)"]
[Site "masterchessopen.com - England"]
[Date "2011.05.01"]
[Round "10"]
[White "Tasker Michael (ENG)"]
[Black "Perrett David C (WLS)"]
[Result "1-0"]
[WhiteElo "2098"]
[BlackElo "1952"]

1.Nf3 f5 2.g3 Nf6 3.Bg2 g6 4.O-O Bg7 5.d4 d6 6.c4 c6 7.Nc3 O-O 8.Rb1 a5 9.d5
Bd7 10.b3 Na6 11.Bb2 Nc7 12.Qd2 Qe8 13.dxc6 bxc6 14.Na4 Ne4 15.Qc2 Bxb2
16.Qxb2 Rb8 17.Nd2 c5 18.Nc3 Nf6 19.Qa3 Bc6 20.Nf3 Qd7 21.Rfd1 Rb4 22.Ne5 dxe5
23.Rxd7 Bxd7 24.Qxa5 Ne6 25.Nd5 {#r} 1-0

[Event "Tournament (Elo) (b)"]
[Site "masterchessopen.com - Budapest (Hungary)"]
[Date "2011.05.13"]
[Round "7"]
[White "Szatmari David (HUN)"]
[Black "Hegedus Peter (HUN)"]
[Result "1-0"]
[WhiteElo "2021"]
[BlackElo "2033"]

1.d4 f5 2.g3 Nf6 3.Bg2 g6 4.c4 Bg7 5.Nc3 d6 6.Nf3 O-O 7.O-O c6 8.Qc2 Na6 9.a3
Bd7 10.b4 Nc7 11.Nd2 Rb8 12.Bb2 e5 13.dxe5 dxe5 14.Rad1 Qe7 15.Nb3 Ne6 16.Na4
e4 17.Be5 b5 18.Bd6 Qf7 19.Nac5 bxc4 20.Na5 Nxc5 21.bxc5 Nd5 22.Bxf8 Qxf8
23.Qxc4 Rb5 24.Nb3 Be6 25.Nd4 Bf7 26.Nxb5 cxb5 27.Qxb5 Nc3 28.Qa5 {#r} 1-0

[Event "Tournament (Elo)"]
[Site "masterchessopen.com - Rio de Janeiro (Brazil)"]
[Date "2011.07.09"]
[Round "5"]
[White "Rocha Joao Batista (BRA)"]
[Black "Rangel Daniel (BRA)"]
[Result "0-1"]
[WhiteElo "1946"]
[BlackElo "2107"]

1.Nf3 g6 2.c4 Bg7 3.g3 f5 4.d4 Nf6 5.Bg2 O-O 6.O-O d6 7.Nc3 c6 8.d5 e5 9.Ng5
h6 10.Nf3 Na6 11.dxc6 bxc6 12.Nh4 g5 13.Ng6 Re8 14.Bxc6 Rb8 15.Bxe8 Qxe8
16.Qxd6 Qxg6 17.Nd5 Kh7 18.Ne7 Qh5 19.f3 Rb6 20.Qd8 Be6 21.b3 Qf7 22.Qc7 Nxc7
{#R} 0-1

[Event "Ch Canada (open)"]
[Site "masterchessopen.com - Toronto (Canada)"]
[Date "2011.07.10"]
[Round "2"]
[White "Zenyuk Iryna (USA)"]
[Black "Bzikot Robert (CAN)"]
[Result "1-0"]
[WhiteElo "2240"]
[BlackElo "1864"]

1.d4 f5 2.g3 Nf6 3.Bg2 g6 4.Nf3 d6 5.c4 Bg7 6.O-O O-O 7.Nc3 c6 8.d5 Na6 9.dxc6
bxc6 10.Nd4 Bd7 11.Nxc6 Bxc6 12.Bxc6 Rb8 13.Bg2 Rb4 14.Nd5 Nxd5 15.Bxd5+ Kh8
16.a3 Rb6 17.Ra2 Qc8 18.b3 Nc5 19.b4 Ne4 20.Rc2 e6 21.c5 dxc5 22.Bxe4 fxe4
23.Rxc5 Qb7 24.Qc2 Bd4 25.Rc7 Qd5 26.e3 Be5 27.Rc5 {#r} 1-0

[Event "Memorial M.Najdorf (open)"]
[Site "masterchessopen.com - Warsaw (Poland)"]
[Date "2011.07.14"]
[Round "2"]
[White "Staniszewski Piotr (POL)"]
[Black "Poznanska Katarzyna (POL)"]
[Result "1-0"]
[WhiteElo "2423"]
[BlackElo "2062"]

1.d4 f5 2.g3 Nf6 3.Bg2 g6 4.c4 Bg7 5.Nc3 O-O 6.Nf3 d6 7.O-O c6 8.Rb1 a5 9.b3
h6 10.Bb2 Nbd7 11.d5 c5 12.Nh4 Ne5 13.f4 Neg4 14.Qd3 g5 15.Nxf5 Nxh2 16.Nxg7
Kxg7 17.Kxh2 Ng4+ 18.Kg1 Bf5 19.e4 {#r} 1-0

[Event "It (open)"]
[Site "masterchessopen.com - Tabor (Czech Republic)"]
[Date "2011.08.01"]
[Round "2"]
[White "Turner Jan (CZE)"]
[Black "Lizner Milan (CZE)"]
[Result "1-0"]
[WhiteElo "2395"]
[BlackElo "2007"]

1.Nf3 f5 2.g3 Nf6 3.Bg2 g6 4.O-O Bg7 5.d4 O-O 6.c4 d6 7.Nc3 c6 8.Qc2 Na6 9.b3
Bd7 10.Bb2 Qc7 11.Rad1 e5 12.dxe5 dxe5 13.Ba3 c5 14.Nb5 Qa5 15.Nxe5 Bxb5
16.cxb5 Qxb5 17.Nc4 Rab8 18.Nd6 Qa5 19.Bb2 b5 20.a3 h6 21.e4 fxe4 22.Nxe4 Nxe4
23.Bxg7 Kxg7 24.Qxe4 Qc7 25.Qe6 Qc8 26.Rd7+ Kh8 27.Qe5+ {#r} 1-0

[Event "Ch Germany (seniors)"]
[Site "masterchessopen.com - Halle (Germany)"]
[Date "2011.08.06"]
[Round "2"]
[White "Vossen Klaus (GER)"]
[Black "Clemens Christian Dr (GER)"]
[Result "0-1"]
[WhiteElo "2233"]
[BlackElo "2314"]

1.Nf3 f5 2.g3 Nf6 3.Bg2 g6 4.O-O Bg7 5.d4 O-O 6.c4 d6 7.Nc3 c6 8.Qd3 Kh8 9.Bg5
h6 10.Bd2 Na6 11.a3 g5 12.Rad1 Qe8 13.d5 Nc5 14.Qc2 e5 15.dxe6 Bxe6 16.Nd4
Bxc4 17.b4 Ne6 18.Nxf5 Qg6 19.Qb1 Rad8 20.Nxg7 Qxb1 21.Rxb1 Kxg7 22.f4 g4
23.Be3 d5 24.Bxa7 d4 25.f5 Ng5 26.Nd1 Bxe2 27.Rf2 Rfe8 28.Rf4 Bd3 29.Rc1 Re1+
30.Kf2 Rde8 {#R} 0-1

[Event "It (open)"]
[Site "masterchessopen.com - Ptuj (Slovenia)"]
[Date "2011.08.14"]
[Round "3"]
[White "Spalir Jernej (SLO)"]
[Black "Lesar David (CRO)"]
[Result "1-0"]
[WhiteElo "2165"]
[BlackElo "1514"]

1.d4 f5 2.c4 Nf6 3.Nf3 g6 4.g3 Bg7 5.Bg2 O-O 6.O-O d6 7.Nc3 c6 8.d5 e5 9.e4 h6
10.Nh4 Qe8 11.dxc6 Nxc6 12.Qxd6 Nd4 13.Be3 g5 14.Nf3 fxe4 15.Nxd4 exd4 16.Bxd4
Bg4 17.Bxf6 Rxf6 18.Qd5+ Re6 19.c5 Rd8 20.Qxb7 Rd7 21.Qb3 Bxc3 22.Qxc3 Rd3
23.Qc4 Qc6 24.Qxd3 {#r} 1-0

[Event "Ch Nicaragua (open)"]
[Site "masterchessopen.com - Managua (Nicaragua)"]
[Date "2011.08.20"]
[Round "1"]
[White "Rivera Azucena"]
[Black "Picado Jorge Luis"]
[Result "0-1"]
[WhiteElo "1750"]
[BlackElo "2218"]

1.d4 f5 2.c4 g6 3.Nc3 Nf6 4.g3 Bg7 5.Bg2 O-O 6.Nf3 c6 7.O-O d6 8.Re1 Na6 9.Bg5
Nc7 10.Bxf6 Bxf6 11.e4 fxe4 12.Nxe4 Bg7 13.Qb3 a5 14.Qe3 a4 15.a3 Bg4 16.Neg5
h6 17.h3 Bd7 18.Ne4 b5 19.Nh4 Qe8 20.Nd2 g5 21.Nhf3 e6 22.Ne4 Qe7 23.c5 d5
24.Nd6 Ne8 25.Nf5 Rxf5 {#R} 0-1

[Event "Ch Bayern"]
[Site "masterchessopen.com - Regensburg (Germany)"]
[Date "2011.08.22"]
[Round "4"]
[White "Niemetz Alexander (GER)"]
[Black "Kretschel Klaus (GER)"]
[Result "1-0"]
[WhiteElo "2013"]
[BlackElo "2103"]

1.d4 f5 2.c4 Nf6 3.Nc3 g6 4.Nf3 Bg7 5.g3 d6 6.Bg2 O-O 7.O-O c6 8.Re1 Qe8 9.b3
e5 10.Ba3 exd4 11.Nxd4 Qe5 12.Rc1 Rd8 13.Bb2 Nh5 14.e3 Nd7 15.Nce2 Ndf6
16.Nxc6 Qxb2 17.Nxd8 Qa3 18.Nxb7 {#r} 1-0

[Event "It (open)"]
[Site "masterchessopen.com - Porto San Giorgio (Italy)"]
[Date "2011.08.24"]
[Round "5"]
[White "Pienabarca Nicola (ITA)"]
[Black "Scalcione Michelangelo (ITA)"]
[Result "0-1"]
[WhiteElo "2110"]
[BlackElo "2337"]

1.d4 d6 2.g3 g6 3.Nf3 f5 4.Bg2 Nf6 5.c4 Bg7 6.Nc3 O-O 7.O-O c6 8.Rb1 Qe8 9.d5
Na6 10.Nd4 Bd7 11.b4 Nc7 12.dxc6 bxc6 13.b5 c5 14.Bxa8 cxd4 15.Nd5 Nxa8
16.Qxd4 Nb6 17.Nxb6 Ne4 18.Qd5+ e6 19.Qb7 axb6 20.Bb2 Qc8 21.Qxb6 Qxc4 22.Bxg7
Kxg7 23.Qa7 Rf7 24.b6 Bc6 25.b7 Ng5 26.f3 Qxe2 27.Qd4+ e5 28.Qc3 Bxb7 29.Rxb7
Nh3+ {#R} 0-1

[Event "It (open)"]
[Site "masterchessopen.com - Crema (Italy)"]
[Date "2011.09.03"]
[Round "3"]
[White "Pinna Ferdinando"]
[Black "Ficco Corrado (ITA)"]
[Result "0-1"]
[WhiteElo "1903"]
[BlackElo "2117"]

1.c4 f5 2.g3 Nf6 3.Bg2 g6 4.Nc3 Bg7 5.Nf3 O-O 6.O-O d6 7.d4 c6 8.Qc2 Qc7 9.e4
e5 10.c5 dxc5 11.dxe5 Ng4 12.exf5 Bxf5 13.Qb3+ Qf7 14.Qxf7+ Rxf7 15.Ng5 Bxe5
16.Nxf7 Kxf7 17.h3 Nf6 18.Re1 Nbd7 19.Bg5 c4 20.Rad1 Re8 21.f4 Bd4+ 22.Kh2
Rxe1 23.Rxe1 Nc5 24.Bxf6 Bxf6 25.Be4 Bxc3 {#R} 0-1

[Event "Extraliga 2011/12"]
[Site "masterchessopen.com - Czech Republic"]
[Date "2011.10.09"]
[Round "2"]
[White "Caletka Radomir (CZE)"]
[Black "Vorisek Jaroslav (CZE)"]
[Result "1-0"]
[WhiteElo "2319"]
[BlackElo "2238"]

1.d4 f5 2.Nf3 Nf6 3.g3 g6 4.Bg2 Bg7 5.O-O O-O 6.c4 d6 7.Nc3 c6 8.d5 h6 9.Nd4
Qe8 10.Re1 Nh5 11.f4 e5 12.dxe6 Bxe6 13.e4 Bxc4 14.exf5 Qf7 15.Ne6 gxf5
16.Nxf8 Bxf8 17.b3 Ba6 18.Ba3 Qg6 19.Ne2 Nd7 20.Nd4 Ng7 21.Qc2 Nf6 22.Nxc6
bxc6 23.Qxc6 {#r} 1-0